00643nam a2200241 a 4500001001300000003000900013005001700022008004100039020001000080082001300090100001500103245002100118260003300139300000900172500003500181505001000216650001900226700001500245902000800260942000700268952011300275999001300388nice12345678IN_TiNIC20260116011331.0050524s1908 egya grp 000 0 ara  ac10000a915bWAR aAl-Wardi,  aKharidatul Ajaib aEgyptbMaktaba-E-ilmiac1908 a239p aincludes index and biblioraphy2 aIndex aGeography-Asia1 aAl-Wardi,  bRBA cBK 001040708RareBook->aHMIbHMId2007-06-05g100.00l0o915 WARp04409r2007-06-05v100.00w2005-05-24yBK c603d603